| LEADER | 00668Cam#a2200229#a#4500 | ||
|---|---|---|---|
| 001 | 006930 | ||
| 005 | 20160721144146.0 | ||
| 008 | 010309s2000||||ag # |#| #00|#0#spa#d | ||
| 020 | |a 9509474282 | ||
| 040 | |a AR-beUNQ | ||
| 099 | |a 17-C31 | ||
| 100 | 1 | |a Cricco, Valentín | |
| 245 | 0 | 2 | |a Semiótica Agustiniana : |b el diálogo el maestro de San Agustín |c Valentín Cricco. |
| 260 | |a Morón : |b Universidad de Morón, |c 2000 | ||
| 300 | |a 298 p | ||
| 650 | 7 | |a SEMIOTICA |2 Spines | |
| 650 | 7 | |a SIMBOLOS |2 Spines | |
| 650 | 7 | |a ESCRITURA |2 Spines | |
| 650 | 7 | |a LENGUAJES |2 Spines | |
| 929 | |a COMPRA |b López |d 4,00E |e 20001213 |f patrimonio |j 28584 | ||
| 942 | |c LIB |n 0 | ||
| 999 | |c 9609 |d 84996 | ||